[Event "POLFINAL MISTRZOSTW POLSKI JUNIOROW 2016 - D13"]
[Site "Centrum Kongresow i Rekreacji Orle Gniazdo ul. Wrzosowa 28a, Szczyrk"]
[Date "1899-12-30"]
[Round "7.2"]
[White "Szelejewska, Maria"]
[Black "Wojtas, Julia"]
[Result "0-1"]
[WhiteTitle "II+"]
[BlackTitle "I"]
[WhiteElo "1049"]
[BlackElo "1387"]

1. e4 c5 2. Nf3 Nc6 3. d4 cxd4 4. Nxd4 e5 5. Nxc6 bxc6 6. Bc4 Nf6 7. Nc3 Bc5 8.
O-O O-O 9. Bb3 Bb7 10. Bg5 Re8 11. Bxf6 Qxf6 12. Qxd7 Ba6 13. Rfd1 Bxf2+ 14. Kh1
Rad8 15. Qg4 Kh8 16. Qf3 Qxf3 17. gxf3 Bd4 18. Bxf7 Rf8 19. Be6 Rxf3 20. Rab1
Rf2 21. Bb3 Rdf8 22. a3 Bf1 23. Rxf1 Rxf1+ 24. Rxf1 Rxf1+ 25. Kg2 Re1 26. Ba4
Bxc3 27. bxc3 Rxe4 28. Bxc6 Re2+ 29. Kf3 Rxc2 30. Ke4 Rxc3 31. Bb5 Rxa3 32. Kxe5
Ra5 33. Kd4 Rxb5 34. Kc4 Rh5 35. Kb4 Rxh2 36. Kb5 Rc2 37. Ka6 Rb2 38. Kxa7 g5
39. Ka6 g4 40. Ka5 g3 41. Ka4 g2 42. Ka3 Rb8 43. Ka4 g1=Q 44. Ka3 Qa7# 0-1

[Event "POLFINAL MISTRZOSTW POLSKI JUNIOROW 2016 - D13"]
[Site "Centrum Kongresow i Rekreacji Orle Gniazdo ul. Wrzosowa 28a, Szczyrk"]
[Date "1899-12-30"]
[Round "7.3"]
[White "Zaborowska, Maria"]
[Black "Nowicka, Julia"]
[Result "1-0"]
[WhiteTitle "I"]
[BlackTitle "I"]
[WhiteElo "1263"]
[BlackElo "1330"]

1. d4 d5 2. Nf3 Nf6 3. g3 c6 4. Bg2 e6 5. O-O Be7 6. b3 O-O 7. Bb2 Nbd7 8. c4 a6
9. Nbd2 b5 10. c5 Bb7 11. b4 a5 12. a3 axb4 13. axb4 Qc7 14. Qc2 Ng4 15. e4 Rxa1
16. Rxa1 f5 17. exd5 exd5 18. Re1 Bd8 19. Ne5 Nh6 20. Ndf3 f4 21. Bc1 fxg3 22.
hxg3 Nf5 23. Qd3 Bc8 24. Bf4 Qb7 25. Nxd7 Qxd7 26. Ne5 Qb7 27. Bh3 Ne7 28. Bxc8
Qxc8 29. Kg2 Nf5 30. Nf3 Qd7 31. Ng5 Bxg5 32. Bxg5 Qf7 33. Qd2 Qg6 34. Bf4 Nh4+
35. Kf1 Nf3 36. Qe3 Nxe1 37. Qxe1 Qd3+ 38. Kg2 Qg6 39. Be5 Qf5 40. Qe2 Re8 41.
f4 Qe4+ 42. Qxe4 dxe4 43. Kf2 Ra8 44. Ke3 Ra4 45. Kxe4 Rxb4 46. Kf5 Ra4 47. Ke6
b4 48. d5 Ra6 49. d6 Ra8 50. Ke7 Ra7+ 51. d7 b3 52. Ke8 Ra8+ 53. d8=Q 1-0

[Event "POLFINAL MISTRZOSTW POLSKI JUNIOROW 2016 - D13"]
[Site "Centrum Kongresow i Rekreacji Orle Gniazdo ul. Wrzosowa 28a, Szczyrk"]
[Date "1899-12-30"]
[Round "7.4"]
[White "Musin, Oliwia"]
[Black "Laszczuk, Zuzanna"]
[Result "0-1"]
[WhiteTitle "II"]
[BlackTitle "I"]
[WhiteElo "1099"]
[BlackElo "1229"]

1. c4 e5 2. Nc3 Nc6 3. g3 g6 4. Bg2 Bg7 5. e3 d6 6. Nge2 h6 7. O-O f5 8. d4 Nf6
9. dxe5 Nxe5 10. b3 h5 11. Bb2 h4 12. Qd2 hxg3 13. fxg3 Bh6 14. Nd1 Qe7 15. Bxe5
Qxe5 16. Qc3 Qxc3 17. Nexc3 c6 18. e4 Ng4 19. exf5 Bxf5 20. h3 Ne5 21. g4 Bd3
22. Rf2 O-O-O 23. Be4 Bxe4 24. Nxe4 Bg7 25. Rb1 Rxh3 26. g5 d5 27. cxd5 Rxd5 28.
Nb2 Rd4 29. Nc5 Rdh4 30. Rff1 Rh1+ 31. Kg2 R4h2+ 32. Kg3 Rxf1 33. Rxf1 Rxb2 34.
Ne6 Bh8 35. Rf8+ Kd7 36. Nc5+ Kd6 37. Nxb7+ Kc7 38. Rxh8 Kxb7 39. Rh7+ Kb6 40.
Re7 Re2 41. a4 a5 42. Re6 Kc5 43. Re8 Re4 44. Kh3 Re3+ 45. Kg2 Ng4 46. Rg8 Re6
47. Kf3 Ne5+ 48. Kg3 Kb4 49. Rb8+ Kc5 50. Rd8 Rd6 51. Re8 Nf7 52. Kg4 Rd4+ 53.
Kg3 Rb4 54. Re3 Rd4 55. Rc3+ Kd5 56. Re3 Nxg5 57. Kg2 c5 58. Kg3 c4 59. bxc4+
Rxc4 60. Rd3+ Rd4 61. Ra3 Ne6 62. Kf3 g5 63. Kg3 Kc4 64. Kf3 Rd3+ 65. Rxd3 Kxd3
66. Kg4 Kc4 67. Kf5 Kb4 68. Kxe6 g4 69. Kd5 0-1